TEX for scientific documentation : second European conference, Strasbourg, France, June 19-21, 1986 : proceedings /

Bibliographic Details
Other Authors: Désarménien, J.
Format: Book
Language:English
Published: Berlin ; New York : Springer-Verlag, [1986]
Series:Lecture notes in computer science ; 236.
Subjects:

MARC

Tag First Indicator Second Indicator Subfields
LEADER 00000pam a2200000 a 4500
001 in00000429708
005 20151012074717.0
008 860828s1986 wb a b 10000 eng
010 |a  86022078  
020 |a 0387168079 (U.S. : pbk.) 
020 |z 3540168079 
035 |a (OCoLC)14214913 
035 |9 ABX2630AM 
040 |a DLC  |c DLC  |d TXA  |d UtOrBLW 
049 |a TXAM  |c [A09932015] 
050 0 0 |a Z253.4.T47  |b T49 1986 
082 0 |a 686.2/2544  |2 19 
245 0 0 |a TEX for scientific documentation :  |b second European conference, Strasbourg, France, June 19-21, 1986 : proceedings /  |c edited by Jacques Desarmenien. 
264 1 |a Berlin ;  |a New York :  |b Springer-Verlag,  |c [1986] 
264 4 |c ©1986 
300 |a vi, 204 pages :  |b illustrations ;  |c 25 cm. 
336 |a text  |b txt  |2 rdacontent 
337 |a unmediated  |b n  |2 rdamedia 
338 |a volume  |b nc  |2 rdacarrier 
490 1 |a Lecture notes in computer science ;  |v 236 
504 |a Includes bibliographical references. 
630 0 0 |a TeX (Computer file)  |x Congresses. 
650 0 |a Computerized typesetting  |x Congresses. 
650 0 |a Science  |x Documentation  |x Data processing  |x Congresses. 
700 1 |a Désarménien, J. 
830 0 |a Lecture notes in computer science ;  |v 236. 
999 |a MARS 
999 f f |s ca152564-548f-3a63-bc1e-290b2d07092c  |i d0ef7018-002e-361b-a781-85e38833b1df  |t 0 
952 f f |p ric  |a Texas A&M University  |b Rellis Campus  |c Joint Library Facility  |d Remote Storage  |t 0  |e Z253.4.T47 T49 1986  |h Library of Congress classification  |i unmediated -- volume  |m A14809932015 
998 f f |a Z253.4.T47 T49 1986  |t 0  |l Remote Storage